000 00479nam a22001577a 4500
005 20251108165520.0
008 250721s1972 xx 000 0 ara d
082 1 4 _aم/210/مجم
245 1 0 _aالتوجيه الإجتماعي في الإسلام /
264 1 _aالقاهره :
_bالمجمع،
_c1972.
300 _a
650 1 7 _aالإسلام
710 2 _aمجمع البحوث الإسلامية(القاهره)
_eاعداد
942 _2ddc
_cREF
999 _c29752
_d29752